00415nam a22001457a 450000500170000001000140001702000260003103500130005703700130007008200110008324500520009426000600014627000380020630000250024420100724115223.0 aENG-96553 a9788187332541c175.00 aEN-80086 bDBAD/PUB a181.47 aUnderstanding consciousness:brecent advances / aKolkatabRamakrishna Mission Institute of Culturec2009 aGol Park, Kolkata-700029bKolkata ax, 469p. c23cm (Hb)